000 00250nam a2200097Ia 4500
001 1145723
005 20250827010238.0
008 250824s9999 xx 000 0 und d
245 0 _aVE DAĞLAR YANKILANDI
_cKHALED HOSSEINI
260 _bEVEREST YAYINLARI
999 _c1145723
_d1145723